Sports Quiz

Random Sports or NFL Quiz
Score 0/12 Timer 04:00
0 Plays Today
% Correct
Peyton Manning
90.8%
Aaron Rodgers
88.7%
Matthew Stafford
88%
Tom Brady
85.9%
Drew Brees
85.2%
Tony Romo
83.1%
Matt Ryan
77.5%
Eli Manning
76.1%
Andrew Luck
71.1%
Matt Schaub
60.6%
Carson Palmer
50%
Josh Freeman
46.5%

You're not logged in!

Compare scores with friends on all Sporcle quizzes.
OR
Log In

Sporcle TV

Today on Sporcle TV


Watch our educational content, quiz creation guides, and fun videos on Sporcle TV.

Show Comments

Extras

Top Quizzes Today


Score Distribution

Paid Content

Your Account Isn't Verified!

In order to create a playlist on Sporcle, you need to verify the email address you used during registration. Go to your Sporcle Settings to finish the process.

Report this User

Report this user for behavior that violates our Community Guidelines.

Details: